000 00472nam a22002057a 4500
003 UA-OsUOA
001 39588
007 ta
008 20080513b un ||||| |||| 00| 0 ukr d
090 _a75
_bС24
942 _cBK
040 _aUA-OsUOA
_bukr
_cUA-OsUOA
_dUA-OsUOA
245 _aСвіт Василя Курилика
955 _a4
041 _aukr
080 _a75
260 _aН.-Й.
_bУкраїнський музей
_c1987
650 7 _2UDC
999 _c438096
_d438096